00269nam a2200109 a 4500008004100000050001600041100001700057245002900074246003800103260000900141350000900150120416s1982 xx |||||||||||||| || u aS 494.5 Wel aWeller, John10aHistory of the farmstead athe development of energy sources c1982 a0.00